[Event "Kolomna-ch 67th"]
[Site "Kolomna"]
[Date "2017.01.15"]
[Round "10"]
[White "Tamarovskiy, Andrey"]
[Black "Kalinin, Aleksandr Vladimiro"]
[Result "0-1"]
[WhiteElo "1814"]
[BlackElo "2082"]
[PlyCount "50"]
[EventDate "2016.12.24"]
[EventType "swiss"]
[EventRounds "10"]
[EventCountry "RUS"]
[SourceTitle "EXT 2019"]
[Source "ChessBase"]
[SourceDate "2018.10.10"]
[SourceVersion "1"]
[SourceVersionDate "2018.10.10"]
[SourceQuality "1"]

1. e4 c5 2. Nf3 Nc6 3. g3 g6 4. Bg2 Bg7 5. c3 e5 6. 0-0 Nge7 7. d3 0-0 8. Be3 d6 9. Qc1 Be6 10. Ng5 Bd7 11. f4 exf4 12. gxf4 Bg4 13. h3 Be2 14. Rf2 Bxd3 15. Rd2 c4 16. Rxd3 cxd3 17. Qd2 d5 18. e5 d4 19. cxd4 Nxd4 20. Na3 Ndf5 21. Rd1 Nxe3 22. Qxe3 Nf5 23. Qxd3 Qb6+ 24. Kh2 Rad8 25. Bd5 Qf2+ 0-1

[Event "Kolomna-ch 67th"]
[Site "Kolomna"]
[Date "2017.01.14"]
[Round "9"]
[White "Velikanov, Igor"]
[Black "Tamarovskiy, Andrey"]
[Result "1-0"]
[WhiteElo "2276"]
[BlackElo "1814"]
[PlyCount "85"]
[EventDate "2016.12.24"]
[EventType "swiss"]
[EventRounds "10"]
[EventCountry "RUS"]
[SourceTitle "EXT 2019"]
[Source "ChessBase"]
[SourceDate "2018.10.10"]
[SourceVersion "1"]
[SourceVersionDate "2018.10.10"]
[SourceQuality "1"]

1. d4 d5 2. c4 Nf6 3. cxd5 Qxd5 4. Nc3 Qh5 5. Bf4 c6 6. e3 Qxd1+ 7. Rxd1 Bf5 8. Nf3 Nbd7 9. Bc4 Nb6 10. Bb3 Nfd5 11. Nxd5 cxd5 12. Rc1 Rc8 13. Ke2 f6 14. Rxc8+ Bxc8 15. Bb8 a6 16. Ba7 Nc4 17. Bxc4 dxc4 18. Rc1 Bd7 19. Bb6 Bb5 20. Kd1 e6 21. Nd2 Bd6 22. Nxc4 Bxc4 23. Rxc4 Kd7 24. h3 h5 25. Ke2 h4 26. a4 g5 27. Bc5 Bb8 28. Rb4 Kc8 29. Be7 Rh6 30. Rb6 f5 31. d5 Bc7 32. Rxe6 Rxe6 33. dxe6 Bd8 34. Bd6 Bf6 35. b3 Kd8 36. e4 f4 37. e5 Be7 38. Kf3 b5 39. axb5 axb5 40. Kg4 Ke8 41. Bxe7 Kxe7 42. Kxg5 Kxe6 43. Kxf4 1-0

[Event "Kolomna-ch 67th"]
[Site "Kolomna"]
[Date "2017.01.08"]
[Round "8"]
[White "Tamarovskiy, Andrey"]
[Black "Vygovsky, Alexey"]
[Result "1-0"]
[WhiteElo "1814"]
[BlackElo "1997"]
[PlyCount "127"]
[EventDate "2016.12.24"]
[EventType "swiss"]
[EventRounds "10"]
[EventCountry "RUS"]
[SourceTitle "EXT 2019"]
[Source "ChessBase"]
[SourceDate "2018.10.10"]
[SourceVersion "1"]
[SourceVersionDate "2018.10.10"]
[SourceQuality "1"]

1. e4 e6 2. d4 d5 3. exd5 exd5 4. Bd3 Bd6 5. Nf3 Bg4 6. 0-0 Ne7 7. Bg5 h6 8. Bh4 0-0 9. Nbd2 Nbc6 10. c3 Qd7 11. Bg3 Nf5 12. Qc2 Nxg3 13. hxg3 Rfe8 14. Rfe1 Rxe1+ 15. Rxe1 Re8 16. Rxe8+ Qxe8 17. Nf1 Qe6 18. Ne3 Bxf3 19. gxf3 Bxg3 20. Bf5 Qe7 21. Nxd5 Qe1+ 22. Kg2 Bh4 23. Nxc7 Ne7 24. Bh7+ Kf8 25. Bd3 Bg5 26. Qa4 Nc6 27. Be4 Bh4 28. Qc2 Nd8 29. d5 g6 30. c4 f5 31. Bd3 a6 32. Qe2 Qxe2 33. Bxe2 Be7 34. a3 Bd6 35. Na8 a5 36. Nb6 Nf7 37. Na4 Ke7 38. c5 Be5 39. Bc4 Kd7 40. c6+ bxc6 41. dxc6+ Ke7 42. Bxf7 Kxf7 43. Nb6 Ke6 44. b4 axb4 45. axb4 Bb8 46. Nd7 Bf4 47. b5 Kd6 48. Kf1 g5 49. Ke2 h5 50. Nf6 h4 51. Ne8+ Ke7 52. c7 Kd7 53. b6 h3 54. Kf1 g4 55. Nf6+ Kc8 56. fxg4 fxg4 57. Nxg4 Bd6 58. Nf6 Be5 59. Nd5 Bd6 60. f4 Bc5 61. f5 Bxb6 62. Nxb6+ Kxc7 63. Nd5+ Kd6 64. Ne3 1-0

[Event "Kolomna-ch 67th"]
[Site "Kolomna"]
[Date "2017.01.07"]
[Round "7"]
[White "Egorov, Valery"]
[Black "Tamarovskiy, Andrey"]
[Result "0-1"]
[WhiteElo "1672"]
[BlackElo "1814"]
[PlyCount "105"]
[EventDate "2016.12.24"]
[EventType "swiss"]
[EventRounds "10"]
[EventCountry "RUS"]
[SourceTitle "EXT 2019"]
[Source "ChessBase"]
[SourceDate "2018.10.10"]
[SourceVersion "1"]
[SourceVersionDate "2018.10.10"]
[SourceQuality "1"]

1. e4 e5 2. Nf3 d6 3. Bc4 Be7 4. d3 Nf6 5. Nbd2 0-0 6. h3 Nc6 7. a3 d5 8. exd5 Nxd5 9. 0-0 Nf4 10. Ne4 Ng6 11. c3 h6 12. Be3 Na5 13. Ba2 b6 14. Qc2 Ba6 15. Rfd1 Bb7 16. d4 Nh4 17. Nxh4 Bxh4 18. dxe5 Qe7 19. Bf4 Rad8 20. Qe2 Nc6 21. Ng3 Bg5 22. Nf5 Qc5 23. Bxg5 hxg5 24. Qg4 Rxd1+ 25. Rxd1 Nxe5 26. Qxg5 g6 27. Qg3 Nf3+ 28. gxf3 Qxf5 29. Kg2 c5 30. Re1 Kg7 31. Re7 Bxf3+ 32. Kh2 a6 33. Qc7 Qf6 34. Re6 Qf5 35. Re7 Be4 36. f4 b5 37. Be6 Qf6 38. Bg4 g5 39. Rxe4 Rd8 40. Qe5 gxf4 41. Qxf6+ Kxf6 42. Re2 Rd5 43. Kg2 b4 44. axb4 cxb4 45. cxb4 Rd4 46. Bc8 Rxb4 47. Bxa6 Rb3 48. Bc8 f3+ 49. Kf2 fxe2 50. Kxe2 Rxb2+ 51. Kf3 Kg5 52. Kg3 Rb3+ 53. Kg2 0-1

[Event "Kolomna-ch 67th"]
[Site "Kolomna"]
[Date "2017.01.04"]
[Round "4"]
[White "Ezhov, Aleksey"]
[Black "Tamarovskiy, Andrey"]
[Result "0-1"]
[WhiteElo "1816"]
[BlackElo "1814"]
[PlyCount "88"]
[EventDate "2016.12.24"]
[EventType "swiss"]
[EventRounds "10"]
[EventCountry "RUS"]
[SourceTitle "EXT 2019"]
[Source "ChessBase"]
[SourceDate "2018.10.10"]
[SourceVersion "1"]
[SourceVersionDate "2018.10.10"]
[SourceQuality "1"]

1. Nf3 Nc6 2. b3 e5 3. Bb2 d6 4. c4 Nf6 5. e3 Bg4 6. Be2 Nb4 7. a3 Bxf3 8. gxf3 Nc6 9. Nc3 Qd7 10. Qc2 0-0-0 11. h3 d5 12. 0-0-0 d4 13. Ne4 d3 14. Bxd3 Qxd3 15. Qxd3 Rxd3 16. Kc2 Nxe4 17. fxe4 Rd7 18. d4 f6 19. f4 exd4 20. exd4 Be7 21. Rhg1 g6 22. d5 Na5 23. e5 Rf8 24. e6 Rdd8 25. f5 Rg8 26. fxg6 hxg6 27. Rg4 f5 28. Rf4 Rdf8 29. h4 b6 30. Rh1 Nb7 31. b4 Nd6 32. c5 Ne4 33. h5 Ng3 34. Rd1 Nxh5 35. Rc4 b5 36. d6 bxc4 37. dxe7 Re8 38. Rd7 Nf4 39. Be5 Nxe6 40. c6 f4 41. Kc3 g5 42. Kxc4 g4 43. Kd5 Rg6 44. Ke4 g3 0-1

[Event "Kislovodsk Narzan op"]
[Site "Kislovodsk"]
[Date "2012.07.04"]
[Round "4"]
[White "Ivanov, Igor Y"]
[Black "Tamarovskiy, Andrey"]
[Result "0-1"]
[WhiteElo "2045"]
[BlackElo "1860"]
[PlyCount "81"]
[EventDate "2012.07.01"]
[EventType "swiss"]
[EventRounds "9"]
[EventCountry "RUS"]
[SourceTitle "EXT 2013"]
[Source "ChessBase"]
[SourceDate "2012.11.22"]
[SourceVersion "1"]
[SourceVersionDate "2012.11.22"]
[SourceQuality "1"]

1. e4 e5 2. Nf3 d6 3. Bc4 Be7 4. h3 Nf6 5. Nc3 0-0 6. 0-0 Nbd7 7. d4 exd4 8. Nxd4 Ne5 9. Bb3 c5 10. Nf3 c4 11. Ba4 a6 12. Nxe5 dxe5 13. Qe2 b5 14. Nxb5 axb5 15. Bxb5 c3 16. b3 Bb7 17. f3 Qb6+ 18. Kh1 Bc5 19. a4 Nh5 20. Kh2 Rfd8 21. Qe1 Ba6 22. Bxa6 Qxa6 23. Be3 Bxe3 24. Qxe3 Rd2 25. Rf2 Rxf2 26. Qxf2 Qc6 27. Rd1 Nf4 28. g3 Ne6 29. h4 f6 30. Rd5 Rd8 31. Qe3 Rc8 32. Qd3 Nd4 33. f4 Nxb3 34. Rd6 Qc5 35. Rd8+ Rxd8 36. Qxd8+ Kf7 37. Qd7+ Kg6 38. Qe8+ Kh6 39. g4 Qf2+ 40. Kh3 Qf3+ 41. Kh2 0-1

[Event "Zhukovsky-A 02"]
[Site "Zhukovsky"]
[Date "2011.02.09"]
[Round "9"]
[White "Orekhovsky, Vasily"]
[Black "Tamarovskiy, Andrey"]
[Result "1-0"]
[WhiteElo "2080"]
[BlackElo "1841"]
[PlyCount "99"]
[EventDate "2011.02.09"]
[EventType "swiss"]
[EventRounds "9"]
[EventCountry "RUS"]
[SourceTitle "EXT 2022"]
[Source "ChessBase"]
[SourceDate "2021.10.06"]
[SourceVersion "1"]
[SourceVersionDate "2021.10.06"]
[SourceQuality "1"]

1. e4 e5 2. Nf3 d6 3. d4 exd4 4. Qxd4 Nc6 5. Bb5 Bd7 6. Bxc6 Bxc6 7. 0-0 Nf6 8. Re1 Be7 9. e5 Ne4 10. Rxe4 Bxe4 11. Qxe4 dxe5 12. Nc3 f6 13. Qxb7 0-0 14. Qc6 Qd6 15. Qc4+ Kh8 16. Be3 Rfd8 17. g3 Qb4 18. Qxb4 Bxb4 19. Nb5 a5 20. a3 Bd6 21. Rd1 e4 22. Nfd4 Be5 23. Rb1 a4 24. Nc6 Rd5 25. c4 Rd3 26. Nxe5 fxe5 27. Rc1 c6 28. Nc3 Rb8 29. Nxa4 Rdb3 30. Rc2 Kg8 31. Kf1 Kf7 32. Ke2 Kg6 33. Rd2 h5 34. c5 Kf5 35. h3 g5 36. Nb6 Rd3 37. Rxd3 exd3+ 38. Kxd3 Rd8+ 39. Ke2 g4 40. h4 Ke4 41. Nc4 Rb8 42. b4 Ra8 43. Kd2 Rd8+ 44. Kc2 Ra8 45. Kb3 Rd8 46. a4 Rd1 47. b5 cxb5 48. axb5 Rb1+ 49. Kc2 Kd5 50. Kxb1 1-0

[Event "Zhukovsky-A 02"]
[Site "Zhukovsky"]
[Date "2011.02.09"]
[Round "4"]
[White "Tamarovskiy, Andrey"]
[Black "Chalov, Vasily"]
[Result "1-0"]
[WhiteElo "1841"]
[BlackElo "2052"]
[PlyCount "85"]
[EventDate "2011.02.09"]
[EventType "swiss"]
[EventRounds "9"]
[EventCountry "RUS"]
[SourceTitle "EXT 2022"]
[Source "ChessBase"]
[SourceDate "2021.10.06"]
[SourceVersion "1"]
[SourceVersionDate "2021.10.06"]
[SourceQuality "1"]

1. e4 g6 2. Nf3 Bg7 3. c3 c6 4. d4 d6 5. Bf4 Bg4 6. Be2 Qb6 7. Qc2 Nf6 8. Nbd2 0-0 9. h3 Bxf3 10. Bxf3 Nbd7 11. h4 e5 12. Be3 exd4 13. Bxd4 c5 14. Nc4 Qc7 15. Bxf6 Nxf6 16. 0-0-0 Rfd8 17. Rhe1 Ne8 18. h5 Rab8 19. hxg6 hxg6 20. Ne3 b5 21. Nd5 Qa5 22. Kb1 b4 23. cxb4 cxb4 24. Ne7+ Kf8 25. Nc6 b3 26. axb3 Qb6 27. Nxb8 Rxb8 28. Rd3 a5 29. Re2 Nc7 30. Qc4 Ne6 31. Bg4 Nf4 32. Rf3 d5 33. exd5 Nxe2 34. d6 f6 35. Qxe2 Qxd6 36. Rd3 Qe5 37. Qc2 f5 38. Re3 Qd6 39. Bf3 a4 40. Rd3 Qb4 41. Bd5 a3 42. Qc7 a2+ 43. Kxa2 1-0

[Event "Zhukovsky op-B 05"]
[Site "Zhukovsky"]
[Date "2010.05.14"]
[Round "9"]
[White "Tamarovskiy, Andrey"]
[Black "Kochetkov, Sergey"]
[Result "1/2-1/2"]
[WhiteElo "1839"]
[BlackElo "1629"]
[PlyCount "55"]
[EventDate "2010.05.14"]
[EventType "swiss"]
[EventRounds "9"]
[EventCountry "RUS"]
[SourceTitle "EXT 2022"]
[Source "ChessBase"]
[SourceDate "2021.10.06"]
[SourceVersion "1"]
[SourceVersionDate "2021.10.06"]
[SourceQuality "1"]

1. e4 e5 2. Nf3 Nc6 3. Nc3 Nf6 4. Bc4 Nxe4 5. Nxe4 d5 6. Bd3 dxe4 7. Bxe4 Bd6 8. d4 exd4 9. Bxc6+ bxc6 10. Nxd4 Bb7 11. 0-0 0-0 12. Nf5 Qf6 13. Nxd6 Qxd6 14. Qxd6 cxd6 15. Bf4 Rfd8 16. Rfd1 d5 17. c4 Rd7 18. Rd2 Rad8 19. Rad1 Ba6 20. cxd5 Rxd5 21. Rxd5 Rxd5 22. Rxd5 cxd5 23. Bd6 Bd3 24. h3 h6 25. Bc5 a5 26. a4 Bc2 27. Bb6 Bxa4 28. Bxa5 1/2-1/2

[Event "Zhukovsky op-B 05"]
[Site "Zhukovsky"]
[Date "2010.05.14"]
[Round "1"]
[White "Tamarovskiy, Andrey"]
[Black "Vatolin, Aleksey"]
[Result "1-0"]
[WhiteElo "1839"]
[BlackElo "1647"]
[PlyCount "111"]
[EventDate "2010.05.14"]
[EventType "swiss"]
[EventRounds "9"]
[EventCountry "RUS"]
[SourceTitle "EXT 2022"]
[Source "ChessBase"]
[SourceDate "2021.10.06"]
[SourceVersion "1"]
[SourceVersionDate "2021.10.06"]
[SourceQuality "1"]

1. e4 e6 2. d4 d5 3. e5 c5 4. c3 Nc6 5. Bb5 Qb6 6. Bxc6+ bxc6 7. Qb3 Ba6 8. Qxb6 axb6 9. Be3 cxd4 10. cxd4 Bb4+ 11. Nd2 Bd3 12. a3 Ne7 13. Rc1 Bxd2+ 14. Kxd2 Bb5 15. Ne2 Kd7 16. Nc3 Ba6 17. Rc2 Nf5 18. Na4 Rab8 19. Rhc1 Rhc8 20. b4 Bb5 21. Nc3 Bc4 22. Rb2 Ra8 23. a4 h6 24. Ra1 Nh4 25. Rg1 Nf5 26. f4 Nxe3 27. Kxe3 Rc7 28. g4 c5 29. b5 Rb7 30. f5 Ke7 31. dxc5 bxc5 32. Kd2 Raa7 33. Ra1 Ra5 34. h4 f6 35. exf6+ Kxf6 36. fxe6 Kxe6 37. Re1+ Kd6 38. Re8 Kd7 39. Rg8 Kd6 40. Rd8+ Ke7 41. Rc8 Kd6 42. Rc6+ Ke5 43. Rxc5 Kf4 44. Rb4 Kg3 45. Nxd5 Bxd5 46. Rxd5 Kxh4 47. Rh5+ Kg3 48. b6 Ra8 49. Rc5 Rd8+ 50. Kc3 Rd6 51. a5 Rg6 52. Rc7 Rb8 53. b7 Rf6 54. Rc8 Rf3+ 55. Kb2 Rf2+ 56. Ka3 1-0

[Event "Zhukovsky-chB"]
[Site "Zhukovsky"]
[Date "2010.04.01"]
[Round "7"]
[White "Tamarovskiy, Andrey"]
[Black "Ershov, Aleksey"]
[Result "0-1"]
[WhiteElo "1854"]
[BlackElo "1721"]
[PlyCount "132"]
[EventDate "2010.04.01"]
[EventType "swiss"]
[EventRounds "9"]
[EventCountry "RUS"]
[SourceTitle "EXT 2022"]
[Source "ChessBase"]
[SourceDate "2021.10.06"]
[SourceVersion "1"]
[SourceVersionDate "2021.10.06"]
[SourceQuality "1"]

1. e4 e5 2. Nf3 Nf6 3. Nc3 Bb4 4. Bc4 0-0 5. d3 d5 6. exd5 Nxd5 7. Bd2 Bxc3 8. bxc3 Bg4 9. h3 Bh5 10. Rb1 e4 11. dxe4 Re8 12. Bxd5 Qxd5 13. Be3 Qxe4 14. Rb4 Qc6 15. 0-0 Na6 16. Rb3 Rad8 17. Qe2 Nc5 18. Rb5 Bxf3 19. gxf3 Re6 20. Kh2 Nd3 21. Rf5 Qd6+ 22. f4 Nxf4 23. Qf3 Nd5+ 24. Kh1 Nxe3 25. fxe3 Qc6 26. Rxf7 Qxf3+ 27. R7xf3 Rde8 28. Re1 Ra6 29. Rd1 Rf8 30. Rg3 g6 31. Rd7 Rf7 32. Rd8+ Kg7 33. e4 Rxa2 34. Rd2 Ra1+ 35. Kg2 Re1 36. Rg4 Re3 37. Rd3 Re2+ 38. Kg3 Rxc2 39. Rf4 Rxf4 40. Kxf4 Kf6 41. Ke3 Ke6 42. Kd4 b6 43. Rf3 c5+ 44. Kd3 Rh2 45. Kc4 a6 46. Re3 Ke5 47. Kd3 b5 48. Rf3 c4+ 49. Ke3 Rc2 50. Rf7 Rxc3+ 51. Kd2 Rxh3 52. Re7+ Kd6 53. Ra7 c3+ 54. Kc2 Ke5 55. Re7+ Kd4 56. e5 b4 57. e6 Rh2+ 58. Kb3 Rb2+ 59. Ka4 Kd5 60. Re8 Kd6 61. e7 Kd7 62. Rh8 Kxe7 63. Rxh7+ Kf6 64. Ra7 c2 65. Rxa6+ Kf5 66. Rc6 b3 0-1

[Event "Zhukovsky-chB"]
[Site "Zhukovsky"]
[Date "2010.04.01"]
[Round "3"]
[White "Tamarovskiy, Andrey"]
[Black "Guseynov, Vafadar"]
[Result "0-1"]
[WhiteElo "1854"]
[BlackElo "1890"]
[PlyCount "112"]
[EventDate "2010.04.01"]
[EventType "swiss"]
[EventRounds "9"]
[EventCountry "RUS"]
[SourceTitle "EXT 2022"]
[Source "ChessBase"]
[SourceDate "2021.10.06"]
[SourceVersion "1"]
[SourceVersionDate "2021.10.06"]
[SourceQuality "1"]

1. e4 c5 2. Nf3 d6 3. g3 Nf6 4. d3 b6 5. Bg2 Bb7 6. 0-0 Qc7 7. c3 g6 8. Bf4 e5 9. Bg5 Bg7 10. Na3 h6 11. Be3 0-0 12. Nd2 d5 13. exd5 Bxd5 14. Nb5 Qc6 15. Bxd5 Nxd5 16. Qf3 Nxe3 17. Qxc6 Nxc6 18. fxe3 Rfd8 19. Nc4 Rxd3 20. Nbd6 f5 21. Rad1 Rxd1 22. Rxd1 Rd8 23. Rd2 e4 24. Kf2 Kf8 25. g4 fxg4 26. Nxe4 Rxd2+ 27. Ncxd2 Ne5 28. Ke2 Ke7 29. c4 Nf3 30. Nxf3 gxf3+ 31. Kxf3 Bxb2 32. a4 Ke6 33. Nf2 h5 34. Ke4 Be5 35. h3 g5 36. Nd3 Bd6 37. Ne1 g4 38. hxg4 hxg4 39. Ng2 g3 40. Kf3 a6 41. Ke4 Bc7 42. Ne1 Kd6 43. Ng2 Kc6 44. Kd3 b5 45. axb5+ axb5 46. cxb5+ Kxb5 47. e4 Be5 48. Ne1 c4+ 49. Kc2 Kb4 50. Ng2 Kc5 51. Kd2 Kd4 52. Ne3 c3+ 53. Ke2 Kxe4 54. Nc2 Bd4 55. Ne1 Be3 56. Nc2 g2 0-1

[Event "Zhukovsky op-B"]
[Site "Zhukovsky"]
[Date "2010.01.??"]
[Round "5"]
[White "Shvetzov, Mikhail"]
[Black "Tamarovskiy, Andrey"]
[Result "1-0"]
[WhiteElo "1781"]
[BlackElo "1854"]
[PlyCount "31"]
[EventDate "2010.01.??"]
[EventType "swiss"]
[EventRounds "7"]
[EventCountry "RUS"]
[SourceTitle "EXT 2012"]
[Source "ChessBase"]
[SourceDate "2011.11.24"]
[SourceVersion "1"]
[SourceVersionDate "2011.11.24"]
[SourceQuality "1"]

1. e4 e5 2. f4 exf4 3. Nf3 d6 4. Bc4 g5 5. h4 g4 6. Ng5 Nh6 7. d4 f6 8. Bxf4 Qe7 9. 0-0 Nc6 10. Nc3 Bd7 11. Nd5 Qd8 12. e5 Nxd4 13. Nxf6+ Ke7 14. Qxd4 Nf5 15. exd6+ cxd6 16. Rae1+ 1-0

[Event "Zhukovsky op-B"]
[Site "Zhukovsky"]
[Date "2010.01.??"]
[Round "6"]
[White "Tamarovskiy, Andrey"]
[Black "Anisimov, Aleksander"]
[Result "1-0"]
[WhiteElo "1854"]
[BlackElo "2293"]
[PlyCount "53"]
[EventDate "2010.01.??"]
[EventType "swiss"]
[EventRounds "7"]
[EventCountry "RUS"]
[SourceTitle "EXT 2012"]
[Source "ChessBase"]
[SourceDate "2011.11.24"]
[SourceVersion "1"]
[SourceVersionDate "2011.11.24"]
[SourceQuality "1"]

1. e4 d5 2. exd5 Qxd5 3. Nc3 Qa5 4. d4 Nf6 5. Bd2 Bg4 6. Nf3 c6 7. h3 Bh5 8. Be2 Nbd7 9. 0-0 e6 10. Re1 Qc7 11. a3 Nb6 12. Ng5 Bg6 13. Bf3 Rd8 14. Be3 Nc4 15. b4 Nd6 16. Ne2 h6 17. Nf4 Bf5 18. Nxf7 Qxf7 19. g4 Be4 20. Bxe4 Ndxe4 21. f3 Nc3 22. Qd3 Ncd5 23. Ng6 Rg8 24. Ne5 Qc7 25. Qg6+ Ke7 26. Qf7+ Kd6 27. Nc4# 1-0

[Event "Zhukovsky Elo-B 08"]
[Site "Zhukovsky"]
[Date "2009.08.14"]
[Round "3"]
[White "Fedotov, Aleksandr"]
[Black "Tamarovskiy, Andrey"]
[Result "1-0"]
[WhiteElo "1789"]
[BlackElo "1868"]
[PlyCount "113"]
[EventDate "2009.08.14"]
[EventType "swiss"]
[EventRounds "7"]
[EventCountry "RUS"]
[SourceTitle "EXT 2022"]
[Source "ChessBase"]
[SourceDate "2021.10.06"]
[SourceVersion "1"]
[SourceVersionDate "2021.10.06"]
[SourceQuality "1"]

1. d4 d5 2. c4 e6 3. Nc3 Nf6 4. Bg5 g6 5. cxd5 h6 6. Bxf6 Qxf6 7. dxe6 Bxe6 8. e3 Nd7 9. a3 Nb6 10. Rc1 Bg7 11. Nf3 c6 12. Be2 0-0 13. 0-0 Rad8 14. b4 Nc4 15. Ne4 Qf5 16. Bxc4 Qxe4 17. Bxe6 Qxe6 18. Qc2 Rfe8 19. Qc4 Qg4 20. h3 Qe4 21. Nd2 Qh4 22. Nb3 Rd5 23. Nd2 g5 24. Nf3 Qh5 25. Nh2 Qg6 26. a4 a6 27. Qc2 Qe6 28. Qb3 h5 29. Rc5 g4 30. hxg4 hxg4 31. g3 Red8 32. Rxd5 Rxd5 33. Rc1 Bf8 34. b5 axb5 35. axb5 c5 36. Nxg4 Kg7 37. dxc5 Bxc5 38. Qb2+ f6 39. Nh2 b6 40. Qb3 Qf5 41. Qc4 Kf8 42. Ra1 Qd7 43. Ra8+ Ke7 44. Qe4+ Re5 45. Qh7+ Ke6 46. Qg8+ Ke7 47. Qf8+ Ke6 48. Re8+ Be7 49. Qg8+ Kd6 50. Ra8 Rxb5 51. Ra1 Qe6 52. Qb8+ Kc6 53. Nf3 Bc5 54. Rc1 Kd5 55. Qb7+ Kd6 56. Rd1+ Bd4 57. Nxd4 1-0

[Event "Zhukovsky op-B 05"]
[Site "Zhukovsky"]
[Date "2009.05.??"]
[Round "4"]
[White "Tamarovskiy, Andrey"]
[Black "Leschenko, Wjatcheslaw"]
[Result "1-0"]
[WhiteElo "1868"]
[BlackElo "1655"]
[PlyCount "85"]
[EventDate "2009.05.??"]
[EventType "swiss"]
[EventRounds "9"]
[EventCountry "RUS"]
[SourceTitle "EXT 2012"]
[Source "ChessBase"]
[SourceDate "2011.11.24"]
[SourceVersion "1"]
[SourceVersionDate "2011.11.24"]
[SourceQuality "1"]

1. e4 c6 2. d4 Qa5+ 3. c3 d6 4. Nf3 Nd7 5. Qb3 Qh5 6. Bc4 b5 7. Bd3 Ngf6 8. h3 Nb6 9. e5 Be6 10. Qc2 Nfd5 11. 0-0 f5 12. Ng5 Bd7 13. e6 Bc8 14. Bxf5 Nc7 15. Nf7 g6 16. Bg4 Qd5 17. Nxh8 Nxe6 18. Nxg6 hxg6 19. Qxg6+ Kd8 20. Qf7 Bd7 21. Na3 Kc7 22. Bf3 Ng5 23. Bxd5 Nxf7 24. Bxf7 a5 25. Bg5 b4 26. Nc2 Nd5 27. Bxd5 cxd5 28. cxb4 e5 29. bxa5 e4 30. b4 Bb5 31. a4 Bd3 32. Rfc1 Kd7 33. Na3 Bg7 34. Be3 Ra6 35. Nb5 Bc4 36. Rc3 Bf6 37. g3 Bd8 38. Rac1 Be2 39. Nc7 Ra7 40. Nxd5 Bf3 41. Nb6+ Ke6 42. d5+ Ke5 43. Nc4+ 1-0

[Event "Moscow op-B"]
[Site "Moscow"]
[Date "2009.02.07"]
[Round "8"]
[White "Mezentsev, Ivan"]
[Black "Tamarovskiy, Andrey"]
[Result "0-1"]
[WhiteElo "1400"]
[BlackElo "1883"]
[PlyCount "58"]
[EventDate "2009.01.31"]
[EventType "swiss"]
[EventRounds "9"]
[EventCountry "RUS"]
[SourceTitle "EXT 2012"]
[Source "ChessBase"]
[SourceDate "2011.11.24"]
[SourceVersion "1"]
[SourceVersionDate "2011.11.24"]
[SourceQuality "1"]

1. c4 e5 2. Nc3 d6 3. g3 Be6 4. Nd5 c6 5. Ne3 Nf6 6. Bg2 g6 7. d4 exd4 8. Qxd4 Bg7 9. Nf3 0-0 10. 0-0 d5 11. cxd5 Nxd5 12. Qd1 Nd7 13. Rb1 N7b6 14. b3 Qe7 15. Nd4 Nc3 16. Qd3 Nxb1 17. Nxe6 Qxe6 18. Qxb1 Rad8 19. Bb2 Bxb2 20. Qxb2 Rd6 21. h3 Rfd8 22. Ng4 f6 23. Rc1 h5 24. Ne3 Kf7 25. g4 Rd2 26. Rc2 Rxc2 27. Qxc2 hxg4 28. Nxg4 Nd5 29. Qc1 g5 0-1